=LDR 00000nam 2200000 4500 =001 NUTBA000000000003813 =005 20160805110542.0 =006 =007 =008 =020 ##$$a 979-489-234-3 =035 ##$$0010-081400000000658 =040 ##$$a NBPDMAT =082 ##$$a 028.5 =084 ##$$a 028.5 Whi d =090 ##$$a 028.5 Whi d =100 ##$$a Whicombe, Bobbie =245 ##$$a Dinosaurus / $c Bobbie Whicombe =250 ##$$a Cet. 13 =260 ##$$a Jakarta : $b Penebar Swadaya, $c 2005 =300 ##$$a 18 hlm. ; $c 26 cm. =650 ##$$a Bacaan kanak-kanak =990 ##$$a 21408817 =990 ##$$a 0001/BPAP-NTB/20142014 =990 ##$$a 0001/BPAP-NTB/20142014 =990 ##$$a 0001/BPAP-NTB/20142014 =990 ##$$a 0001/BPAP-NTB/20142014 =990 ##$$a 0001/BPAP-NTB/20142014